[Event "FRA-ch U16"]
[Site "Le Grand Bornand"]
[Date "2007.04.10"]
[Round "4"]
[White "Praddaude, Leo"]
[Black "Charmeteau, Sven"]
[Result "0-1"]
[WhiteElo "1950"]
[BlackElo "2149"]
[PlyCount "48"]
[EventDate "2007.04.07"]
[EventType "swiss"]
[EventRounds "9"]
[EventCountry "FRA"]
[SourceTitle "CBM 118 Extra"]
[Source "ChessBase"]
[SourceDate "2007.07.04"]
[SourceVersion "1"]
[SourceVersionDate "2007.07.04"]
[SourceQuality "1"]

1. d4 d5 2. c4 e6 3. Nc3 c5 4. e3 Nf6 5. Nf3 Nc6 6. a3 cxd4 7. exd4 Be7 8. b4 a6 9. Bb2 0-0 10. Be2 dxc4 11. Bxc4 b5 12. Bb3 Qb6 13. Qd2 a5 14. bxa5 Nxa5 15. Ba2 Bb7 16. d5 exd5 17. Nxd5 Nxd5 18. Bxd5 Rfd8 19. Bd4 Bc5 20. Bxb7 Bxd4 21. Bxa8 Bxa1 22. Qc1 Qe6+ 23. Kf1 Bf6 24. Qb1 Qc4+ 0-1